000 01127nam0a22003611 4500
001 RU\NLR\A1SV\40182
005 20260406114053.0
035 _a(NLR Aleph) 009722512
090 _a9878685
_c9878685
100 _a20010702d1925 u y0rusy50 ca
101 1 _arus
_ceng
102 _aRU
102 _aUA
200 1 _aДуша Техаса
_e[Рассказы]
_fО.Генри. O.Henry
_gПер. с англ. Э.К.Бродерсен
210 _aЛ.
_cМысль
_d1925
215 _a297, [3] с., из них 3 с. объявл.
_d18 см
300 _aНапеч. Киеве
620 _dСанкт-Петербург
620 _dКиев
700 1 _4070
_8rus
_7ca
_aГенри
_bО.
_f1862-1910
_3RU\NLR\AUTH\77198
_9110263
702 1 _6z01790
_aБродерсен
_bЕ.К.
_f1879-1971
_gЕва Карловна
_4070
790 1 _6z01702
_aБродерсен
_bЭ.К.
790 1 _6z02700
_aO.Henry
801 0 _aRU
_bNLR
_c20010702
852 _aNLR
_j25/127
899 _aНБУВ
899 _aРГБ
899 _aРКП
899 _aНБЛ КГУ
942 _cBOOK
980 _aNB
980 _aA1SV